| 000 | 00878cam a22002534a 4500 | ||
|---|---|---|---|
| 001 | 12241253 | ||
| 005 | 20231205022048.0 | ||
| 008 | 001127s2001 enka b 001 0 eng | ||
| 020 | _a1856498972 (cased) | ||
| 020 | _a1856498980 (limp) | ||
| 040 |
_aDLC _cDLC _dDLC |
||
| 082 | 0 | 0 |
_a303.6 _221 |
| 245 | 0 | 0 |
_aVictims, perpetrators or actors? : _bgender, armed conflict and political violence / _cedited by Caroline O.N. Moser and Fiona Clark. |
| 260 |
_aLondon ; _aNew York : _bZed Books, _c2001. |
||
| 300 | _axi, 243 p. : | ||
| 650 | 0 | _aPolitical violence. | |
| 650 | 0 | _aSex role. | |
| 700 | 1 | _aMoser, Caroline O. N. | |
| 700 | 1 |
_aClark, Fiona C., _eedt |
|
| 856 | 4 | 2 | _uhttp://www.loc.gov/catdir/bios/hol058/00067459.html |
| 856 | 4 | 2 | _uhttp://www.loc.gov/catdir/description/hol051/00067459.html |
| 856 | 4 | 1 | _uhttp://www.loc.gov/catdir/toc/hol051/00067459.html |
| 942 | _cL | ||
| 999 |
_c147 _d147 |
||